000
00277nam a22001337a 4500
008
170718b xxu||||| |||| 00| 0 eng d
020
_a
9780813340173
041
_a
eng
080
_a
2
100
_a
24
101
_a
TEO
245
_a
AL-JAZEERA
_c
NAWAWY, M
942
_2
udc
_c
BK
999
_c
21471
_d
21471